{"text_format":"3","workbook":"xlsx","n_sheets":1,"sheets":["报价表2 "],"read":"whole","date_system":"1900"}

{"sheet":"报价表2 ","index":0,"n_rows":56,"n_cols":13,"rows_kept":56,"merged":[[0,0,0,12],[51,0,51,7],[51,8,51,9],[51,10,51,11],[52,0,52,12],[53,7,53,9],[54,7,54,9],[55,7,55,9]]}
["生产部2026年全年种苗采购报价表(2)"]
["序号","品种","种子公司","品系","颜色","暂定到苗时间","单位","数量","全费用单价限价（元）","全费用单价限价小计（元）","供应商所报单价（元）","合价（元）","备注"]
[1,"一串红","泛美","展望","红","7月","株",250000,0.17,{"$f":"H3*I3","v":42500}]
[2,"大花海棠","班纳利","比哥","绿叶红花、绿叶粉（少）","7月","株",120000,0.75,{"$f":"H4*I4","v":90000}]
[3,"大花海棠","坂田","维京","绿叶红花","7月","株",100000,0.75,75000]
[4,"万寿菊","班纳利","发现","黄色、橙红","7月","株",60000,0.28,16800]
[5,"鼠尾草",null,"萨利芳",null,"7月","株",20000,1.5,30000]
[6,"百日草","泛美","繁花","黄色、树莓红","7月","株",120000,0.35,42000]
[7,"百日草","泛美","重瓣繁花","樱桃红色","7月","株",50000,0.35,17500]
[8,"石竹","泷井","繁星","正红、粉红","9月","株",100000,0.25,25000]
[9,"角堇","班纳利","赞美","白色带粉翅、粉色","9月","株",60000,0.2,12000]
[10,"角堇","坂田","超凡","清新橙色","9月","株",20000,0.25,5000]
[11,"角堇","先正达","小钱币","桃色欢舞","9月","株",10000,0.2,2000]
[12,"角堇","先正达","忍耐","粉色渐变","9月","株",30000,0.25,7500]
[13,"角堇","泛美","果汁冰糕","柑橘混色","9月","株",30000,0.2,6000]
[14,"角堇","泛美","果汁冰糕","黄色、树莓红色xp","9月","株",50000,0.2,10000]
[15,"金鱼草","坂田","花雨","珊瑚双色、深古铜色","9月","株",100000,0.2,20000]
[16,"金鱼草","泛美","锦绣","粉红、玫瑰红","9月","株",60000,0.2,12000]
[17,"三色堇","班纳利","普鲁斯","黄色带斑","9月","株",100000,0.18,18000]
[18,"樱草","斯好莱/泛美","亲密接触","玫瑰红、深红橙色","9月","株",100000,0.5,50000]
[19,"雏菊","坂田","彩珠","红、深玫红","10月","株",50000,0.18,9000]
[20,"瓜叶菊",null,"浓情","混色","10月","株",10000,0.5,5000]
[21,"石竹","泷井","繁星","红、玫红","10月","株",100000,0.25,25000]
[22,"石竹","坂田","钻石","浅粉渐变","10月","株",50000,0.25,12500]
[23,"角堇","泛美","果汁冰糕","黄色、粉黄二重奏","10月","株",200000,0.2,40000]
[24,"金鱼草","坂田","彩虹糖","黄色、橙色、玫红","11月","株",150000,0.2,30000]
[25,"金鱼草",null,"美瞳","粉色、绯红","11月","株",40000,0.2,8000]
[26,"报春","坂田","庆典","猩红色、黄色渐变、亮玫红渐变","10月","株",50000,0.45,22500]
[27,"报春","坂田","普娜丝","猩红色渐变、玫红色渐变、金色渐变","10月","株",300000,0.5,150000]
[28,"樱草","斯好莱/泛美","亲密接触","玫瑰红、红白双色、深红橙色","10月","株",350000,0.5,175000]
[29,"金盏菊","班纳利","棒棒","黄、橙","11月","株",150000,0.18,27000]
[30,"紫罗兰","泷井","和谐","浅玫红色","11月","株",20000,0.2,4000]
[31,"银叶菊",null,"银灰",null,"10月","株",10000,0.18,1800]
[32,"美女樱","泛美","水晶xp","红色带花心、粉红色","11月","株",60000,0.3,18000]
[33,"落新妇","班纳利","奇幻","混色","11月","株",2000,1.5,3000]
[34,"松果菊","班纳利","波利彩球","金色夏日混色","11月","株",5000,1.5,7500]
[35,"宿根六倍利","班纳利","瑞风","紧凑猩红",null,"株",2000,0.6,1200]
[36,"羽扇豆","班纳利","鲁冰妮","混色",null,"株",2000,0.7,1400]
[37,"向日葵","先正达","无限阳光","黄色",null,"株",1000,5,5000]
[38,"蜀葵",null,"春庆","混色",null,"株",1000,0.8,800]
[39,"箱根草",{"$nulls":4},"株",2000,3,6000]
[40,"红地肤",{"$nulls":4},"株",2000,0.4,800]
[41,"醉鱼草",null,"夏鸟","树莓红",null,"株",1000,1.5,1500]
[42,"霍香蓟",null,"阿雷拉","紫罗兰色",null,"株",5000,1.5,7500]
[43,"金悠菊",null,"小黄蜂","红棕偏红、拦截器",null,"株",5000,1.5,7500]
[44,"双距花",null,"朱丽叶","粉色",null,"株",5000,1.7,8500]
[45,"金叶薯",{"$nulls":4},"株",1000,0.55,550]
[46,"樱桃鼠尾草",null,"海市蜃楼","正红色",null,"株",3000,1.5,4500]
[47,"金叶苔草",null,"凤凰绿",null,null,"株",5000,1.2,6000]
[48,"小兔子狼尾草",{"$nulls":4},"株",5000,1.2,6000]
[49,"芙蓉葵","泛美","褐锦",null,null,"株",1000,1.5,1500]
["合计",{"$nulls":7},{"$f":"SUM(J3:J51)","v":1078350},{"$nulls":3},"(开票税率  %）"]
["备注：                                                                                                                                                                                                  1、苗木价格均为含税到场（送货地点：四川省泸州市光明村苗圃、石洞苗圃、三江坝苗圃、龙窝沟苗圃）综合包干价，含买价、上车费、运费、运输损耗、换车型造成的二次转运费、利润、各种风险费用、税金等全部费用；                                                                                                                                           2、供货时间可以根据实际情况协商调整，后续需提供技术指导                                                                                                                                                                                                                                                                                    3、要求开具相应项的发票或农产品销售发票                                                                                                                                         4、付款方式：甲乙双方签订合同后，甲方向乙方确认每批次货物需求量，双方核实无误后甲方向乙方支付该批次货款20%作为预付款，该批次货物供货完成并经甲方验收合格后，甲方在十个工作日内一次性支付该批次剩余款项。"]
[{"$nulls":7},"  报价单位（公章）："]
[{"$nulls":7},"  法人或委托代理人及电话："]
[{"$nulls":7},"  时间：      年    月    日"]